00251nam a2200097Ia 4500008004100000020001800041100001700059245002500076260003300101300001900134180219s9999 xx 000 0 und d a9780815365105 aWhite, David aClinical chemistry / aUSA :bGarland sciencec2017 axii, 587 pages